| 000 | 00453nam a2200157 a 4500 | ||
|---|---|---|---|
| 001 | 1173 | ||
| 003 | CDMR | ||
| 005 | 20151022134202.0 | ||
| 008 | 130130s1976||||||||||||||||||||||||||||d | ||
| 040 |
_aCDMR _bcat _cCDMR |
||
| 100 | 1 |
_aOsmañzyk, Edmund Jan _9918 |
|
| 245 | 1 | 0 | _aEnciclopedia Mundial de Relaciones Internacionales y Naciones Unidas |
| 260 |
_aMéxico _c1976 _bFondo de Cultura Económica |
||
| 650 | 0 | 4 |
_93994 _aPolítica mundial |
| 942 |
_cMON _2udc |
||
| 999 |
_c1173 _d1173 |
||